| 000 | 00361nam a2200133Ia 4500 | ||
|---|---|---|---|
| 003 | PILC | ||
| 008 | 220421s2014 xx 000 0 und d | ||
| 040 | _cEARIST LIBRARY | ||
| 100 |
_aBluman ,Allan _9372 |
||
| 245 | 0 | _aElementary statistics a step by step approach / | |
| 260 |
_aMcGraw .Hill education, _bNewyork : _c2014. |
||
| 999 |
_c1683 _d1683 |
||
| 942 |
_2ddc _cBK |
||